| 000 | 00957nam a2200229 i 4500 | ||
|---|---|---|---|
| 001 | 91715 | ||
| 003 | ES-MaACL | ||
| 005 | 20250822063137.0 | ||
| 007 | t| | ||
| 008 | 050209s1984 sp ||||1| spa d | ||
| 080 | _a271.5(460.315 Orihuela)"16/17" | ||
| 100 | 1 |
_aVilar, Juan Bautista, _d1941-2018 _eaut _9114797 |
|
| 245 | 1 | 3 |
_aLa residencia-colegio "La Inmaculada Concepción" de Orihuela, una tardía fundación de la Compañía de Jesús en el levante español (1695-1767) / _cJuan Bta. Vilar |
| 260 |
_aRoma : _bInstituto Español de Cultura, _c1984 |
||
| 300 |
_a[20] páginas ; _c24 cm |
||
| 500 | _aSeparata de: Studia historica et philologica in honore M. Batllori. Anexos de Pliegos de cordel, III, p. 527-546 | ||
| 610 | 2 | 4 |
_aJesuitas- _zOrihuela _9241949 |
| 710 | 2 |
_aInstituto Español de Cultura (Roma) _eedt _95038 |
|
| 852 | 4 |
_aES-MaACL _bR.135360 _cDEPOF _j2186-F-21 |
|
| 942 |
_2udc _cFOLLETOS _n0 |
||
| 999 |
_c91715 _d91715 |
||